000
00236nam a22001097a 4500
999
_c
260637
_d
260636
020
_a
9780451479341
100
_a
Mike Lupica
245
_a
Shoot-out
260
_a
New York
_b
Penguin Random House
_c
2010
300
_a
20 pgs
942
_c
BK